Ngân hàng, kinh doanh và thương mại quốc tế /
Salvato in:
| Natura: | Sách giấy |
|---|---|
| Lingua: | Vietnamese |
| Pubblicazione: |
TP.HCM :
Trẻ ,
1996
|
| Tags: |
Aggiungi Tag
Nessun Tag, puoi essere il primo ad aggiungerne! !
|
| Thư viện lưu trữ: | Thư viện Trường Đại học Đà Lạt |
|---|
| LEADER | 00556nam a2200229 4500 | ||
|---|---|---|---|
| 001 | DLU020010916 | ||
| 005 | ##12/6/1999 | ||
| 041 | # | # | |a vie |
| 082 | # | # | |a 382.1 |b PA-J |
| 090 | # | # | |a 382.1 |b PA-J |
| 245 | # | # | |a Ngân hàng, kinh doanh và thương mại quốc tế / |c Cao Xuân Đỗ, Pang Johnson |
| 260 | # | # | |a TP.HCM : |b Trẻ , |c 1996 |
| 300 | # | # | |a 302 tr.; |c 21 cm. |
| 992 | # | # | |a 50000 |
| 994 | # | # | |a DLU |
| 900 | # | # | |a False |
| 911 | # | # | |a Administrator |
| 925 | # | # | |a G |
| 926 | # | # | |a A |
| 927 | # | # | |a SH |
| 980 | # | # | |a Thư viện Trường Đại học Đà Lạt |